000 00983cam a22002415a 4500
001 L149410
008 100303e20100214xxkao f s 000 0 eng d
035 _a(Sirsi) u149410
041 0 _aeng
100 1 _aCavanagh, Elaine
245 0 0 _aFocus
_bKent
260 _c2010
490 _aEstates Gazette
_v(1006) 13 February 2010, 83-95(98)
520 _aVacancy rates in Kent are below the national average in office, industrial and retail premises; signs of positive development at the smaller end of the residential market; debating whether Kent's new High Speed (HS1) Javelin trains will lead to an increase in local or London investment; three Kent-based agents discuss coping with the recession.
590 _aKA
651 4 _aKent
690 _aPROPERTY-COMMERCIAL PROPERTY-COMMERCIAL PROPERTY DEVELOPMENT
690 _aPROPERTY-PROPERTY MANAGEMENT-REGENERATION
700 1 _aMorrison, Adrian
700 1 _aSmith, Melanie
700 1 _aMeadwell, Stacey
942 _n0
999 _c82166
_d82166